Correct system design : (Record no. 18624)
[ view plain ]
| 000 -LEADER | |
|---|---|
| fixed length control field | 00536cam a22001934a 4500 |
| 020 ## - INTERNATIONAL STANDARD BOOK NUMBER | |
| ISBN | 3540666249 (softcover) |
| 040 ## - CATALOGING SOURCE | |
| Transcribing agency | DLC |
| 082 00 - DEWEY DECIMAL CLASSIFICATION NUMBER | |
| Classification number | 004 SPR 1999 C149 Or. |
| 245 00 - TITLE STATEMENT | |
| Title | Correct system design : |
| Remainder of title | recent insights and advances / |
| 260 ## - PUBLICATION, DISTRIBUTION, ETC. (IMPRINT) | |
| Place of publication | Berlin ; |
| -- | New York : |
| Name of publisher | Springer, |
| Year of publication | c1999 |
| 300 ## - PHYSICAL DESCRIPTION | |
| Number of Pages | xiv, 415 p. : |
| Other physical details | ill. ; |
| Dimensions | 24 cm |
| 650 #0 - SUBJECT ADDED ENTRY--TOPICAL TERM | |
| Topical Term | System design |
| 650 #0 - SUBJECT ADDED ENTRY--TOPICAL TERM | |
| Topical Term | Computer systems |
| 650 #4 - SUBJECT ADDED ENTRY--TOPICAL TERM | |
| Topical Term | System design |
| 650 #4 - SUBJECT ADDED ENTRY--TOPICAL TERM | |
| Topical Term | Computer systems |
| 700 1# - ADDED ENTRY--PERSONAL NAME | |
| Personal name | Steffen, Bernhard |
| 700 1# - ADDED ENTRY--PERSONAL NAME | |
| Personal name | Olderog, E.-R |
| 942 ## - ADDED ENTRY ELEMENTS (KOHA) | |
| Koha item type | ADB |
| 952 ## - LOCATION AND ITEM INFORMATION (KOHA) | |
| Withdrawn status [LOCAL, KOHA] | 0 |
| Source of acquisition | Permanent Location | Date acquired | Koha item type | Lost status | Shelving location | Current Location | Full call number |
|---|---|---|---|---|---|---|---|
| A33058 | Library Block C | 2019-12-27 | សៀវភៅភាសាអង់គ្លេស | C149 | Library Block C | 004 SPR 1999 C149 Or. |